| 000 | 00788nam a2200241 4500 | ||
|---|---|---|---|
| 003 | OSt | ||
| 005 | 20240614082533.0 | ||
| 006 | a | ||
| 008 | 240614b |||||||| |||| 00| 0 eng d | ||
| 020 | _a9781441117823 | ||
| 040 |
_aDWCL-Main lib. _cOC |
||
| 082 | _aCirc. 428.00712 R198t 2011 | ||
| 100 | _aRank, Tom | ||
| 245 | _aTaching English using ICT : a practical guide for secondary school teachers / | ||
| 260 |
_aLondon : _bContinuum Int’l Pub., _cc2011. |
||
| 300 |
_b170 p. : ill. ; _c24 cm. |
||
| 504 | _aIncludes index. | ||
| 650 | _a2. English literature–Study and teaching (Secondary)–Computer-assisted instruction. | ||
| 650 | _a3. Word processing in education. | ||
| 650 | _a4. Information technology. | ||
| 700 | _aTom Rank | ||
| 942 |
_2ddc _n0 _cBK-CIRC _kCirc. |
||
| 999 |
_c732 _d732 |
||